[Event "CHN-chT"]
[Site "Daqing"]
[Date "2019.06.25"]
[Round "7.5"]
[White "Liang, Jinrong"]
[Black "Wang, Shixu B"]
[Result "1/2-1/2"]
[WhiteElo "2452"]
[BlackElo "2392"]
[PlyCount "63"]
[EventDate "2019.06.19"]
[EventType "team-swiss"]
[EventRounds "9"]
[EventCountry "CHN"]
[SourceTitle "CBM 191 Extra"]
[Source "ChessBase"]
[SourceDate "2019.09.30"]
[SourceVersion "1"]
[SourceVersionDate "2019.09.30"]
[SourceQuality "1"]
[WhiteTeam "Guangdong"]
[BlackTeam "Chongqing"]
[WhiteTeamCountry "CHN"]
[BlackTeamCountry "CHN"]

1. e4 c6 2. d4 d5 3. Nd2 dxe4 4. Nxe4 Nf6 5. Nxf6+ exf6 6. Bc4 Bd6 7. Qe2+ Be7 8. Be3 Nd7 9. Nf3 0-0 10. h3 Nb6 11. Bb3 Nd5 12. 0-0 Bd6 13. Bd2 Bf5 14. Rfe1 Qd7 15. Qf1 Rae8 16. Rxe8 Rxe8 17. Re1 Be4 18. Re2 Bxf3 19. Rxe8+ Qxe8 20. gxf3 Qd7 21. Qe2 Ne7 22. Kg2 Ng6 23. Qe4 f5 24. Qe2 Bf4 25. Kf1 Bxd2 26. Qxd2 f4 27. Ke2 Qd6 28. d5 c5 29. Qd3 a6 30. Qf5 Ne7 31. Qe4 g6 32. a4 1/2-1/2

[Event "CHN-chT"]
[Site "Hangzhou"]
[Date "2018.06.25"]
[Round "9.9"]
[White "Liang, Jinrong"]
[Black "Wang, Yifan2"]
[Result "1-0"]
[WhiteElo "2461"]
[BlackElo "1674"]
[PlyCount "81"]
[EventDate "2018.06.19"]
[EventType "team-swiss"]
[EventRounds "9"]
[EventCountry "CHN"]
[SourceTitle "CBM 185 Extra"]
[Source "ChessBase"]
[SourceDate "2018.07.29"]
[SourceVersion "1"]
[SourceVersionDate "2018.07.29"]
[SourceQuality "1"]
[WhiteTeam "Guangdong"]
[BlackTeam "Shenzhen"]
[WhiteTeamCountry "CHN"]
[BlackTeamCountry "CHN"]

1. e4 e5 2. Nf3 Nc6 3. Bb5 a6 4. Ba4 Nf6 5. 0-0 Be7 6. d3 b5 7. Bb3 d6 8. a4 Rb8 9. axb5 axb5 10. c3 0-0 11. Re1 Bg4 12. Nbd2 Ra8 13. Rxa8 Qxa8 14. h3 Bd7 15. d4 Re8 16. Nf1 h6 17. Ng3 Bf8 18. Nh4 Na5 19. Bc2 g6 20. Nf3 Bg7 21. b3 Nc6 22. d5 Ne7 23. Be3 Qb7 24. Nh2 c6 25. c4 bxc4 26. bxc4 cxd5 27. cxd5 Rc8 28. Bd3 Qb4 29. Qb1 Rb8 30. Qxb4 Rxb4 31. Ra1 Kh7 32. Ra7 Neg8 33. Nf3 Rb3 34. Bf1 Rb4 35. Nd2 Ra4 36. Rb7 h5 37. h4 Be8 38. Nc4 Bf8 39. Bc1 Nd7 40. Ba3 Ra6 41. Bb4 1-0

[Event "CHN-chT"]
[Site "Hangzhou"]
[Date "2018.06.23"]
[Round "7.6"]
[White "Liang, Jinrong"]
[Black "Wang, Shixu B"]
[Result "1/2-1/2"]
[WhiteElo "2461"]
[BlackElo "2203"]
[PlyCount "64"]
[EventDate "2018.06.19"]
[EventType "team-swiss"]
[EventRounds "9"]
[EventCountry "CHN"]
[SourceTitle "CBM 185 Extra"]
[Source "ChessBase"]
[SourceDate "2018.07.29"]
[SourceVersion "1"]
[SourceVersionDate "2018.07.29"]
[SourceQuality "1"]
[WhiteTeam "Guangdong"]
[BlackTeam "Chongqing"]
[WhiteTeamCountry "CHN"]
[BlackTeamCountry "CHN"]

1. c4 c6 2. e4 d5 3. exd5 cxd5 4. cxd5 Nf6 5. Bb5+ Nbd7 6. Nc3 a6 7. Be2 Nb6 8. Qb3 Nbxd5 9. Bf3 Be6 10. Qd1 g6 11. Nge2 Bg7 12. 0-0 0-0 13. Nd4 Bc8 14. Nc2 b5 15. a4 Bb7 16. axb5 axb5 17. Rxa8 Qxa8 18. Nxb5 Nf4 19. Ne1 Bxf3 20. Nxf3 Rc8 21. Nc3 Nd3 22. Ne1 Rd8 23. Nxd3 Rxd3 24. Qe2 Qd8 25. b4 Nh5 26. b5 Nf4 27. Qe4 Rd4 28. Qc6 Rd6 29. Qc4 Rd4 30. Qc6 Rd6 31. Qc4 Rd4 32. Qc6 Rd6 1/2-1/2

[Event "CHN-chT"]
[Site "China"]
[Date "2018.05.24"]
[Round "7.1"]
[White "Wan, Yunguo"]
[Black "Liang, Jinrong"]
[Result "1-0"]
[WhiteElo "2500"]
[BlackElo "2465"]
[PlyCount "73"]
[EventDate "2018.04.11"]
[EventType "team-tourn"]
[EventRounds "22"]
[EventCountry "CHN"]
[SourceTitle "EXT 2019"]
[Source "ChessBase"]
[SourceDate "2018.10.10"]
[SourceVersion "1"]
[SourceVersionDate "2018.10.10"]
[SourceQuality "1"]
[WhiteTeam "Hebei Sports Lottery"]
[BlackTeam "Guangdong Ding Xin"]
[WhiteTeamCountry "CHN"]
[BlackTeamCountry "CHN"]

1. e4 c5 2. Nf3 e6 3. d4 cxd4 4. Nxd4 Nc6 5. Nc3 Qc7 6. Be2 a6 7. 0-0 Nf6 8. Be3 Be7 9. f4 d6 10. Kh1 0-0 11. a4 Re8 12. a5 e5 13. Nxc6 bxc6 14. Bb6 Qb7 15. fxe5 dxe5 16. Bc4 Be6 17. Bxe6 fxe6 18. Qd3 Nd7 19. Na4 Bd8 20. Ra3 Bxb6 21. Rb3 Rf8 22. h3 c5 23. Rxf8+ Rxf8 24. Nxb6 Nf6 25. Nd5 Qa8 26. Nxf6+ Rxf6 27. Rb6 Rf4 28. Qd6 Rf8 29. Qxe6+ Kh8 30. Qxe5 c4 31. Re6 Qa7 32. Kh2 Qb8 33. Qxb8 Rxb8 34. Rxa6 Kg8 35. Rb6 Ra8 36. a6 Kf7 37. Kg3 1-0

[Event "CHN Team"]
[Site "Beijing"]
[Date "2017.06.14"]
[Round "9.3"]
[White "Xiu, Deshun"]
[Black "Liang, Jinrong"]
[Result "1/2-1/2"]
[WhiteElo "2554"]
[BlackElo "2455"]
[PlyCount "60"]
[EventDate "2017.06.06"]
[EventType "team-swiss"]
[EventRounds "9"]
[EventCountry "CHN"]
[SourceTitle "CBM 178 Extra"]
[Source "ChessBase"]
[SourceDate "2017.06.22"]
[SourceVersion "1"]
[SourceVersionDate "2017.06.22"]
[SourceQuality "1"]
[WhiteTeam "Beijing"]
[BlackTeam "Guangdong"]
[WhiteTeamCountry "CHN"]
[BlackTeamCountry "CHN"]

1. d4 Nf6 2. c4 e6 3. Nc3 d5 4. Nf3 Be7 5. Bf4 0-0 6. e3 c5 7. dxc5 Bxc5 8. cxd5 Nxd5 9. Nxd5 exd5 10. a3 Nc6 11. Bd3 Bd6 12. Bxd6 Qxd6 13. 0-0 Qf6 14. Qb3 Rd8 15. Rac1 Rb8 16. Rfd1 Bg4 17. Be2 d4 18. exd4 Bxf3 19. Qxf3 Qxf3 20. Bxf3 Nxd4 21. Kf1 b6 22. Rc7 a5 23. Be4 Kf8 24. f3 g6 25. Kf2 Ne6 26. Rcd7 Rxd7 27. Rxd7 Nc5 28. Rd4 Nxe4+ 29. Rxe4 Rc8 30. Re2 h5 1/2-1/2

[Event "CHN Team"]
[Site "Wuxi"]
[Date "2016.08.02"]
[Round "7.3"]
[White "Zhou, Junfeng"]
[Black "Liang, Jinrong"]
[Result "0-1"]
[WhiteElo "2022"]
[BlackElo "2454"]
[PlyCount "92"]
[EventDate "2016.07.28"]
[EventType "team-swiss"]
[EventRounds "9"]
[EventCountry "CHN"]
[SourceTitle "CBM 173 Extra"]
[Source "ChessBase"]
[SourceDate "2016.08.29"]
[SourceVersion "1"]
[SourceVersionDate "2016.08.29"]
[SourceQuality "1"]
[WhiteTeam "Shanghai"]
[BlackTeam "Guangdong"]
[WhiteTeamCountry "CHN"]
[BlackTeamCountry "CHN"]

1. c4 e6 2. e4 c5 3. Nc3 Nc6 4. f4 g6 5. Nf3 Bg7 6. g3 Nge7 7. d3 d5 8. e5 0-0 9. Bg2 b6 10. 0-0 Bb7 11. cxd5 Nxd5 12. d4 Nxd4 13. Nxd4 Nxc3 14. bxc3 Bxg2 15. Nxe6 Qxd1 16. Rxd1 Bf3 17. Rf1 fxe6 18. Rxf3 Bxe5 19. Bb2 Bf6 20. Rd3 Rfd8 21. Rad1 Kf7 22. Rxd8 Rxd8 23. Rxd8 Bxd8 24. c4 Bf6 25. Bc1 Ke7 26. Kf2 Kd6 27. Ke3 Kc6 28. Kd3 b5 29. a3 a6 30. h3 Bg7 31. g4 Bh8 32. a4 bxa4 33. Ba3 Bf6 34. Bc1 Bd8 35. Ke4 Bf6 36. Kd3 Kd6 37. Ba3 Bd8 38. Ke4 Ba5 39. f5 exf5+ 40. gxf5 gxf5+ 41. Kxf5 Bb4 42. Bc1 a3 43. Ke4 a2 44. Bb2 Be1 45. Kf3 Ke6 46. Ke2 Bh4 0-1

[Event "All China Games 4th"]
[Site "Hefei"]
[Date "2010.05.20"]
[Round "10"]
[White "Wang, Yu A"]
[Black "Liang, Jinrong"]
[Result "1/2-1/2"]
[WhiteElo "2337"]
[BlackElo "2462"]
[PlyCount "46"]
[EventDate "2010.05.17"]
[EventType "swiss (rapid)"]
[EventRounds "11"]
[EventCountry "CHN"]
[SourceTitle "CBM 136 Extra"]
[Source "ChessBase"]
[SourceDate "2010.07.02"]
[SourceVersion "2"]
[SourceVersionDate "2010.07.15"]
[SourceQuality "1"]

1. e4 c5 2. Nf3 e6 3. d4 cxd4 4. Nxd4 Nc6 5. Nc3 a6 6. Nxc6 bxc6 7. Bd3 d5 8. 0-0 Nf6 9. Qe2 Be7 10. b3 0-0 11. Bb2 Bb7 12. Rad1 Qc7 13. Na4 dxe4 14. Bxe4 Nxe4 15. Qxe4 c5 16. Qe5 Qxe5 17. Bxe5 Bc6 18. Nb6 Rad8 19. Bc7 Rxd1 20. Rxd1 f6 21. f3 Kf7 22. Kf2 e5 23. c4 Ke6 1/2-1/2

[Event "All China Games 4th"]
[Site "Hefei"]
[Date "2010.05.18"]
[Round "5"]
[White "Lin, Chen"]
[Black "Liang, Jinrong"]
[Result "1/2-1/2"]
[WhiteElo "2448"]
[BlackElo "2462"]
[PlyCount "44"]
[EventDate "2010.05.17"]
[EventType "swiss (rapid)"]
[EventRounds "11"]
[EventCountry "CHN"]
[SourceTitle "CBM 136 Extra"]
[Source "ChessBase"]
[SourceDate "2010.07.02"]
[SourceVersion "2"]
[SourceVersionDate "2010.07.15"]
[SourceQuality "1"]

1. e4 c5 2. Nf3 e6 3. d4 cxd4 4. Nxd4 Nc6 5. Nc3 Qc7 6. g3 a6 7. Bg2 d6 8. 0-0 Bd7 9. Re1 Be7 10. Nxc6 Bxc6 11. Qg4 h5 12. Qe2 h4 13. a4 hxg3 14. hxg3 Nf6 15. Bg5 Rc8 16. Bxf6 Bxf6 17. Nd5 Bxd5 18. exd5 e5 19. c3 g6 20. a5 Bg7 21. Qg4 0-0 22. Ra4 Qd8 1/2-1/2

[Event "CHN-chT 4th"]
[Site "China"]
[Date "2008.12.10"]
[Round "18"]
[White "Wang, Yue"]
[Black "Liang, Jinrong"]
[Result "1/2-1/2"]
[WhiteElo "2736"]
[BlackElo "2463"]
[PlyCount "71"]
[EventDate "2008.12.??"]
[EventType "team-tourn"]
[EventRounds "18"]
[EventCountry "CHN"]
[SourceTitle "EXT 2017"]
[Source "ChessBase"]
[SourceDate "2016.10.25"]
[SourceVersion "1"]
[SourceVersionDate "2016.10.25"]
[SourceQuality "1"]

1. d4 d5 2. c4 e6 3. Nc3 Nf6 4. Bg5 Be7 5. e3 h6 6. Bh4 0-0 7. Nf3 b6 8. Be2 dxc4 9. Bxc4 Bb7 10. 0-0 Ne4 11. Bg3 Nxg3 12. hxg3 c5 13. d5 exd5 14. Nxd5 Nd7 15. Qb3 Bd6 16. Rad1 Ne5 17. Nxe5 Bxe5 18. f4 Bf6 19. Rd2 Qd6 20. Rfd1 Rae8 21. a4 Bc8 22. Kf2 Bg4 23. Be2 Bxe2 24. Rxe2 Qe6 25. Qc4 Rd8 26. b3 Bd4 27. Ne7+ Qxe7 28. exd4 Qd6 29. d5 Rfe8 30. Rxe8+ Rxe8 31. Re1 Rxe1 32. Kxe1 Kf8 33. Kd2 Qf6 34. Kc2 Qg6+ 35. Qd3 Ke7 36. f5 1/2-1/2

[Event "CHN-chT 4th"]
[Site "China"]
[Date "2008.12.08"]
[Round "16"]
[White "Liang, Jinrong"]
[Black "Bu, Xiangzhi"]
[Result "0-1"]
[WhiteElo "2463"]
[BlackElo "2714"]
[PlyCount "88"]
[EventDate "2008.12.??"]
[EventType "team-tourn"]
[EventRounds "18"]
[EventCountry "CHN"]
[SourceTitle "EXT 2017"]
[Source "ChessBase"]
[SourceDate "2016.10.25"]
[SourceVersion "1"]
[SourceVersionDate "2016.10.25"]
[SourceQuality "1"]

1. e4 c5 2. Nf3 d6 3. Bb5+ Nc6 4. 0-0 Bd7 5. Re1 Nf6 6. c3 a6 7. Ba4 c4 8. d4 cxd3 9. Qxd3 e6 10. Bf4 Ne5 11. Bxd7+ Nfxd7 12. Nxe5 dxe5 13. Be3 Nc5 14. Qxd8+ Rxd8 15. Nd2 Nd3 16. Reb1 f5 17. Nf3 Be7 18. exf5 exf5 19. Ne1 Nc5 20. Rd1 Kf7 21. Bxc5 Bxc5 22. Nd3 Bd6 23. Nc1 Bc7 24. Nd3 Bd6 25. Nc1 a5 26. Nb3 b6 27. a4 Bc7 28. Kf1 Kf6 29. Ke2 e4 30. h3 Be5 31. Nd2 Rc8 32. f3 exf3+ 33. Nxf3 Bf4 34. Nd4 Rhe8+ 35. Kf3 g5 36. Re1 Be5 37. Nb5 Rc4 38. Kf2 Rg8 39. Re3 g4 40. Rae1 gxh3 41. Rxh3 Rcg4 42. Rg1 Rd8 43. Rxh7 Rd2+ 44. Kf3 Rg3# 0-1

[Event "CHN-chT Torch Real Estate Cup"]
[Site "Jiangsu Wuxi"]
[Date "2008.10.29"]
[Round "11"]
[White "Malakhov, Vladimir"]
[Black "Liang, Jinrong"]
[Result "1-0"]
[WhiteElo "2689"]
[BlackElo "2476"]
[PlyCount "111"]
[EventDate "2008.05.19"]
[EventType "team-tourn"]
[EventRounds "12"]
[EventCountry "CHN"]
[SourceTitle "EXT 2009"]
[Source "ChessBase"]
[SourceDate "2008.11.26"]
[SourceVersion "1"]
[SourceVersionDate "2008.11.26"]
[SourceQuality "1"]

1. e4 c5 2. Nf3 e6 3. d4 cxd4 4. Nxd4 Nc6 5. Nc3 a6 6. g3 d6 7. Bg2 Bd7 8. 0-0 Be7 9. Nxc6 Bxc6 10. Qg4 h5 11. Qe2 h4 12. a4 hxg3 13. hxg3 Nf6 14. Rd1 Qa5 15. Bf4 Rd8 16. Rd3 Qh5 17. Qxh5 Nxh5 18. Be3 Nf6 19. Bd4 0-0 20. a5 Rc8 21. f4 Rfe8 22. Rd2 e5 23. Bf2 exf4 24. gxf4 Nh5 25. f5 Bf6 26. Bd4 Be5 27. Bxe5 dxe5 28. Nd5 Nf4 29. Ra3 Bxd5 30. exd5 e4 31. Re3 Nxg2 32. Kxg2 Re5 33. b4 Rc4 34. d6 Re8 35. c3 Rd8 36. Kg3 Rc6 37. Rxe4 Rdxd6 38. Re8+ Kh7 39. Rxd6 Rxd6 40. Kf4 Rc6 41. Rb8 Rxc3 42. Rxb7 f6 43. Ke4 Kh6 44. Kd4 Rf3 45. Ra7 Rf4+ 46. Kc3 Rf3+ 47. Kc4 Rf4+ 48. Kb3 Rf3+ 49. Ka4 Rxf5 50. Rxa6 g5 51. Rd6 g4 52. a6 Rf1 53. Rd3 Ra1+ 54. Ra3 Re1 55. a7 Re8 56. b5 1-0

[Event "CHN-chT Torch Real Estate Cup"]
[Site "Jiangsu Wuxi"]
[Date "2008.10.22"]
[Round "10"]
[White "Liang, Jinrong"]
[Black "Zhou, Jianchao"]
[Result "1/2-1/2"]
[WhiteElo "2476"]
[BlackElo "2580"]
[PlyCount "31"]
[EventDate "2008.05.19"]
[EventType "team-tourn"]
[EventRounds "12"]
[EventCountry "CHN"]
[SourceTitle "EXT 2009"]
[Source "ChessBase"]
[SourceDate "2008.11.26"]
[SourceVersion "1"]
[SourceVersionDate "2008.11.26"]
[SourceQuality "1"]

1. e4 c5 2. Nf3 d6 3. Bb5+ Bd7 4. Bxd7+ Qxd7 5. c4 Nf6 6. Nc3 Nc6 7. d4 cxd4 8. Nxd4 Qg4 9. 0-0 Qxd1 10. Rxd1 Nxd4 11. Rxd4 Rc8 12. b3 g6 13. Bb2 Bg7 14. Rd2 Nd7 15. Nd5 Bxb2 16. Rxb2 1/2-1/2

[Event "CHN-chT 4th"]
[Site "China"]
[Date "2008.03.27"]
[Round "2"]
[White "Liang, Jinrong"]
[Black "Yu, Lie"]
[Result "1-0"]
[WhiteElo "2476"]
[BlackElo "2366"]
[PlyCount "99"]
[EventDate "2008.12.??"]
[EventType "team-tourn"]
[EventRounds "18"]
[EventCountry "CHN"]
[SourceTitle "EXT 2017"]
[Source "ChessBase"]
[SourceDate "2016.10.25"]
[SourceVersion "1"]
[SourceVersionDate "2016.10.25"]
[SourceQuality "1"]

1. e4 c5 2. Nf3 Nc6 3. d4 cxd4 4. Nxd4 Nf6 5. Nc3 e5 6. Ndb5 d6 7. Bg5 a6 8. Na3 b5 9. Nd5 Be7 10. Bxf6 Bxf6 11. c3 Bg5 12. Nc2 0-0 13. a4 bxa4 14. Rxa4 a5 15. Bb5 Ne7 16. Nce3 Bxe3 17. Nxe3 Qb6 18. Qd3 Rb8 19. c4 Ba6 20. Bxa6 Qxa6 21. Qa3 Qb6 22. Rxa5 Qxb2 23. 0-0 Qxa3 24. Rxa3 g6 25. Ra6 Nc8 26. g4 Rb6 27. Rfa1 Rxa6 28. Rxa6 h6 29. Nd5 Kg7 30. Rc6 Na7 31. Rc7 Ra8 32. h4 Nc8 33. Kg2 Rb8 34. Rc6 g5 35. h5 Kf8 36. Ne3 Ke8 37. Nf5 Kd7 38. Ra6 Rb4 39. Nxh6 Rxc4 40. Nxf7 Rxe4 41. f3 Re2+ 42. Kf1 Rc2 43. Nxg5 Ke7 44. h6 Kf6 45. Ne4+ Ke6 46. h7 Rh2 47. Ra8 Kd7 48. Kg1 Rh4 49. g5 d5 50. Nf6+ 1-0

[Event "All China Games 3rd"]
[Site "Suzhou"]
[Date "2006.05.21"]
[Round "4"]
[White "Liang, Jinrong"]
[Black "Chen, Fan"]
[Result "1/2-1/2"]
[WhiteElo "2467"]
[BlackElo "2354"]
[PlyCount "71"]
[EventDate "2006.05.20"]
[EventType "swiss"]
[EventRounds "11"]
[EventCountry "CHN"]
[SourceTitle "CBM 112 Extra"]
[Source "ChessBase"]
[SourceDate "2006.07.14"]
[SourceVersion "1"]
[SourceVersionDate "2006.07.14"]
[SourceQuality "1"]

1. e4 c5 2. Nf3 d6 3. d4 cxd4 4. Nxd4 Nf6 5. f3 e5 6. Nb3 a5 7. Bb5+ Bd7 8. Bxd7+ Nbxd7 9. Nc3 a4 10. Nd2 a3 11. bxa3 d5 12. Nxd5 Nxd5 13. exd5 Qh4+ 14. g3 Qd4 15. Nb3 Qxd1+ 16. Kxd1 Nb6 17. Re1 f6 18. f4 0-0-0 19. fxe5 Rxd5+ 20. Bd2 fxe5 21. Re4 Bxa3 22. Ke2 Kb8 23. c4 Rd7 24. Bc3 Re8 25. Rxe5 Rxe5+ 26. Bxe5+ Kc8 27. c5 Re7 28. cxb6 Rxe5+ 29. Kd3 Re6 30. Rf1 Rxb6 31. Rf7 Rh6 32. Rxg7 Rxh2 33. Na5 Rxa2 34. Nxb7 Rg2 35. Rxh7 Rxg3+ 36. Kc4 1/2-1/2

[Event "All China Games 3rd"]
[Site "Suzhou"]
[Date "2006.05.21"]
[Round "3"]
[White "Liang, Jinrong"]
[Black "Wang, Wenhao"]
[Result "1-0"]
[WhiteElo "2467"]
[BlackElo "2387"]
[PlyCount "53"]
[EventDate "2006.05.20"]
[EventType "swiss"]
[EventRounds "11"]
[EventCountry "CHN"]
[SourceTitle "CBM 112 Extra"]
[Source "ChessBase"]
[SourceDate "2006.07.14"]
[SourceVersion "1"]
[SourceVersionDate "2006.07.14"]
[SourceQuality "1"]

1. e4 c5 2. Nf3 d6 3. d4 cxd4 4. Nxd4 Nf6 5. f3 Nc6 6. c4 e6 7. Nc3 Be7 8. Be3 0-0 9. Be2 d5 10. exd5 exd5 11. Nxc6 bxc6 12. cxd5 Nxd5 13. Nxd5 cxd5 14. 0-0 Bf6 15. Bd4 Rb8 16. b3 Re8 17. Re1 Bxd4+ 18. Qxd4 Qa5 19. Kf1 h5 20. Bd3 Be6 21. Re2 Rb4 22. Qe5 Rh4 23. Rae1 Rc8 24. g3 Rh3 25. Bf5 Re8 26. Kg2 g6 27. Bxe6 1-0

[Event "All China Games 3rd"]
[Site "Suzhou"]
[Date "2006.05.20"]
[Round "1"]
[White "Liang, Jinrong"]
[Black "Lin, Chen"]
[Result "0-1"]
[WhiteElo "2467"]
[BlackElo "2361"]
[PlyCount "154"]
[EventDate "2006.05.20"]
[EventType "swiss"]
[EventRounds "11"]
[EventCountry "CHN"]
[SourceTitle "CBM 112 Extra"]
[Source "ChessBase"]
[SourceDate "2006.07.14"]
[SourceVersion "1"]
[SourceVersionDate "2006.07.14"]
[SourceQuality "1"]

1. e4 c5 2. Nf3 d6 3. Bb5+ Bd7 4. Bxd7+ Qxd7 5. 0-0 Nf6 6. Qe2 Nc6 7. c3 e6 8. d4 cxd4 9. cxd4 d5 10. e5 Ne4 11. Nbd2 Nxd2 12. Bxd2 Be7 13. Rfc1 0-0 14. Rc3 Rfc8 15. Rac1 a6 16. g3 Na7 17. Qd3 Rxc3 18. Rxc3 Rc8 19. Rxc8+ Qxc8 20. b3 Nc6 21. Ne1 Qd8 22. Nc2 f5 23. exf6 Bxf6 24. Bc3 Ne7 25. Ne3 Qc8 26. Bb2 Nf5 27. Nxf5 exf5 28. Qc3 Qd7 29. Bc1 g5 30. Be3 Kf7 31. Qc5 h6 32. f3 Be7 33. Qc2 Kg7 34. Kg2 Qe6 35. Bf2 g4 36. fxg4 fxg4 37. Kf1 Bd6 38. Qe2 Qf5 39. Qe8 Qb1+ 40. Be1 Qd3+ 41. Kg2 Qe4+ 42. Qxe4 dxe4 43. Kf2 Kf6 44. Ke3 Kf5 45. Ba5 h5 46. Bd8 Ba3 47. Bh4 Bc1+ 48. Ke2 Ke6 49. Bd8 b5 50. Bh4 Bh6 51. Bd8 Bg7 52. Ke3 Kd5 53. Bb6 Bh6+ 54. Ke2 Bg5 55. Kf2 h4 56. gxh4 Bxh4+ 57. Ke2 Bf6 58. Ke3 Bg5+ 59. Kf2 Bf4 60. Kg2 Be3 61. Kg3 Bxd4 62. Ba5 Be5+ 63. Kxg4 Bxh2 64. Bb6 Be5 65. Bf2 Bd6 66. Kf5 Bc5 67. Be1 e3 68. a4 b4 69. a5 Kd4 70. Ke6 e2 71. Kd7 Kd3 72. Kc6 Bd4 73. Kb7 Bc3 74. Bh4 e1Q 75. Bxe1 Bxe1 76. Kxa6 Kc3 77. Kb5 Kxb3 0-1

[Event "CHN-chT final-B 1st"]
[Site "China"]
[Date "2005.09.13"]
[Round "2"]
[White "Qiao, Liang"]
[Black "Liang, Jinrong"]
[Result "1/2-1/2"]
[WhiteElo "2350"]
[BlackElo "2467"]
[PlyCount "65"]
[EventDate "2005.11.??"]
[EventType "team-tourn"]
[EventRounds "5"]
[EventCountry "CHN"]
[SourceTitle "EXT 2017"]
[Source "ChessBase"]
[SourceDate "2016.10.25"]
[SourceVersion "1"]
[SourceVersionDate "2016.10.25"]
[SourceQuality "1"]

1. e4 c5 2. Nf3 e6 3. d4 cxd4 4. Nxd4 Nc6 5. Nb5 d6 6. c4 Nf6 7. N1c3 a6 8. Na3 Be7 9. Be2 0-0 10. 0-0 b6 11. Be3 Ne5 12. f3 Bb7 13. Qb3 Ned7 14. Rfd1 Qc7 15. Rac1 Rac8 16. Bf1 Rfe8 17. Kh1 Qb8 18. Bg1 Bd8 19. Nc2 Nc5 20. Qa3 a5 21. b3 Be7 22. Qb2 Nfd7 23. Nd4 Ne5 24. Ndb5 Nc6 25. Be3 Na7 26. Nd4 Bf6 27. Qf2 Rcd8 28. Nde2 Nc8 29. Nf4 g6 30. Nh3 Ne7 31. Nb5 Bc6 32. Nd4 Ba8 33. Nb5 1/2-1/2

[Event "Torch Cup"]
[Site "Xiapu"]
[Date "2005.06.25"]
[Round "18"]
[White "Al Modiahki, Mohamad"]
[Black "Liang, Jinrong"]
[Result "1/2-1/2"]
[WhiteElo "2569"]
[BlackElo "2467"]
[PlyCount "61"]
[EventDate "2005.06.21"]
[EventType "team-tourn"]
[EventRounds "19"]
[EventCountry "CHN"]
[SourceTitle "CBM 106 Extra"]
[Source "ChessBase"]
[SourceDate "2005.07.01"]
[SourceVersion "1"]
[SourceVersionDate "2005.07.01"]
[SourceQuality "1"]

1. e4 c5 2. Nf3 e6 3. d4 cxd4 4. Nxd4 Nc6 5. Nc3 Qc7 6. g3 a6 7. Bg2 d6 8. 0-0 Bd7 9. a4 Be7 10. Nb3 Nf6 11. a5 Ne5 12. f4 Nc4 13. Qe2 e5 14. Kh1 Rc8 15. f5 h6 16. Rd1 b6 17. axb6 Qxb6 18. Ra2 0-0 19. g4 Bb5 20. Qf3 Qd8 21. Nd2 Nb6 22. Nxb5 axb5 23. c3 Qd7 24. Nf1 Ra8 25. Rxa8 Rxa8 26. Ne3 Ra1 27. Nc2 Rb1 28. Na3 Ra1 29. Nc2 Rb1 30. Na3 Ra1 31. Nc2 1/2-1/2

[Event "Torch Cup"]
[Site "Xiapu"]
[Date "2005.06.21"]
[Round "14"]
[White "Peng, Xiaomin"]
[Black "Liang, Jinrong"]
[Result "1/2-1/2"]
[WhiteElo "2590"]
[BlackElo "2467"]
[PlyCount "178"]
[EventDate "2005.06.21"]
[EventType "team-tourn"]
[EventRounds "19"]
[EventCountry "CHN"]
[SourceTitle "CBM 106 Extra"]
[Source "ChessBase"]
[SourceDate "2005.07.01"]
[SourceVersion "1"]
[SourceVersionDate "2005.07.01"]
[SourceQuality "1"]

1. e4 c5 2. Nf3 e6 3. d4 cxd4 4. Nxd4 Nc6 5. Nc3 Qc7 6. Be2 a6 7. 0-0 Nf6 8. Be3 Bb4 9. Na4 Bd6 10. Nb6 Rb8 11. g3 Nxe4 12. Nxc6 Qxc6 13. Bf3 f5 14. Bxe4 fxe4 15. Qh5+ g6 16. Qh6 Bc5 17. Qf4 d6 18. Nxc8 Qxc8 19. Rad1 e5 20. Qxe4 0-0 21. Qd5+ Rf7 22. Bxc5 Qxc5 23. Qxd6 Rc8 24. c3 e4 25. Qe6 Qf5 26. Rd6 Rc5 27. Rd8+ Kg7 28. Re8 Rd5 29. Qxe4 Qxe4 30. Rxe4 Rd2 31. Rb4 b5 32. f3 Re7 33. Rf2 Ree2 34. Rxe2 Rxe2 35. a4 bxa4 36. Rxa4 Rxb2 37. Rxa6 h5 38. Rc6 g5 39. h4 gxh4 40. gxh4 Rc2 41. Kf1 Kf7 42. Ke1 Kg7 43. Rc5 Kg6 44. Kd1 Rh2 45. Rc4 Kf5 46. Rd4 Ke5 47. Ra4 Kf5 48. Rb4 Kf6 49. Rc4 Rf2 50. Rc5 Rxf3 51. Kc2 Kg6 52. Rg5+ Kh6 53. Rd5 Kg6 54. Kb3 Rh3 55. Rd4 Kf5 56. Kc4 Ke6 57. Kb4 Ke5 58. Rc4 Kd6 59. Kb5 Kd5 60. Rc5+ Kd6 61. Rc6+ Kd7 62. Rc4 Kd6 63. Rd4+ Ke5 64. Kb4 Rg3 65. Kc4 Ke6 66. Kb4 Ke5 67. Rc4 Kd6 68. Re4 Kd5 69. Rd4+ Ke5 70. Kc4 Ke6 71. Rd3 Rg4+ 72. Rd4 Rg3 73. Kb3 Rh3 74. Ra4 Kd6 75. Rd4+ Ke5 76. Kc4 Ke6 77. Rf4 Ke5 78. Rd4 Ke6 79. Kb3 Ke5 80. Kb4 Rg3 81. Rc4 Kd6 82. Kb5 Rh3 83. Rc6+ Kd7 84. c4 Rxh4 85. Rh6 Rh1 86. Kb6 h4 87. Rh7+ Ke6 88. c5 Kf5 89. c6 Kg4 1/2-1/2

[Event "CHN-chT Torch Real Estate Cup"]
[Site "Wuxi"]
[Date "2005.05.09"]
[Round "8"]
[White "Liang, Jinrong"]
[Black "Wang, Wenhao"]
[Result "1/2-1/2"]
[WhiteElo "2467"]
[BlackElo "2387"]
[PlyCount "51"]
[EventDate "2005.05.08"]
[EventType "team-tourn"]
[EventRounds "13"]
[EventCountry "CHN"]
[SourceTitle "CBM 106 Extra"]
[Source "ChessBase"]
[SourceDate "2005.07.01"]
[SourceVersion "1"]
[SourceVersionDate "2005.07.01"]
[SourceQuality "1"]

1. e4 c5 2. Nf3 d6 3. d4 cxd4 4. Nxd4 Nf6 5. f3 a6 6. c4 e6 7. Nc3 Be7 8. Be3 Nc6 9. Be2 0-0 10. 0-0 Bd7 11. Nc2 Qc7 12. Qd2 Rfd8 13. Na4 Nd4 14. Nxd4 Bxa4 15. Rac1 Be8 16. Rfd1 Rac8 17. Kh1 Qb8 18. a3 Nd7 19. b3 g6 20. Bg5 f6 21. Be3 Bf7 22. b4 Bf8 23. Bf1 Qc7 24. Nb3 b6 25. Qf2 Qb7 26. h3 1/2-1/2

[Event "Jinan Torch Cup"]
[Site "Jinan"]
[Date "2005.04.21"]
[Round "2"]
[White "Liang, Jinrong"]
[Black "Qiao, Liang"]
[Result "1/2-1/2"]
[WhiteElo "2467"]
[BlackElo "2350"]
[PlyCount "59"]
[EventDate "2005.04.20"]
[EventType "team-tourn"]
[EventRounds "9"]
[EventCountry "CHN"]
[SourceTitle "CBM 106 Extra"]
[Source "ChessBase"]
[SourceDate "2005.07.01"]
[SourceVersion "1"]
[SourceVersionDate "2005.07.01"]
[SourceQuality "1"]

1. e4 e5 2. Nf3 Nc6 3. Bb5 a6 4. Ba4 Nf6 5. 0-0 Be7 6. d3 b5 7. Bb3 d6 8. c3 0-0 9. Re1 Na5 10. Bc2 c5 11. Nbd2 Bb7 12. Nf1 Re8 13. Bg5 h6 14. Bh4 Nd7 15. Bg3 Nb6 16. Ne3 Bf8 17. a3 c4 18. a4 cxd3 19. Qxd3 Nxa4 20. Bxa4 bxa4 21. Rxa4 Nb3 22. Qc2 Nc5 23. Rc4 a5 24. Rd1 Nd7 25. Ra4 Bc6 26. Ra2 Qb8 27. Nd5 Qb7 28. c4 Nc5 29. Nd2 a4 30. f3 1/2-1/2